000 00383nam a2200157Ia 4500
003 GCL
008 140319s9999 xx 000 0 eng d
040 _aGCL /
_cGCL
082 0 4 _a930.1
_bU T
100 1 _aUCKO, J.PETER
245 1 0 _aTHEORY IN ARCHAEOLOGY /
_cUCKO, J.PETER
260 _a[S.N] :
_bROUTLEDGE ،
_c1995
300 _a392
650 0 4 _aARCHAEOLOGY
942 _2ddc
_cBK
999 _c10868
_d10868